Rediscovering self-help : (Record no. 2093)

000 -LEADER
fixed length control field nam a22 a 4500
003 - CONTROL NUMBER IDENTIFIER
control field AKMAL
005 - DATE AND TIME OF LATEST TRANSACTION
control field 20170515112609.0
008 - FIXED-LENGTH DATA ELEMENTS--GENERAL INFORMATION
fixed length control field 170515t1983 xxu g 00 eng d
020 ## - INTERNATIONAL STANDARD BOOK NUMBER
International Standard Book Number 0803916264 (pbk.)
020 ## - INTERNATIONAL STANDARD BOOK NUMBER
International Standard Book Number 0803919905
020 ## - INTERNATIONAL STANDARD BOOK NUMBER
International Standard Book Number 080391993X
039 #9 - LEVEL OF BIBLIOGRAPHIC CONTROL AND CODING DETAIL [OBSOLETE]
Level of rules in bibliographic description 200410271632
Level of effort used to assign nonsubject heading access points staff
040 ## - CATALOGING SOURCE
Original cataloging agency AKMAL
Transcribing agency AKMAL
082 04 - DEWEY DECIMAL CLASSIFICATION NUMBER
Classification number 361.7 PAN
090 00 - LOCALLY ASSIGNED LC-TYPE CALL NUMBER (OCLC); LOCAL CALL NUMBER (RLIN)
Classification number (OCLC) (R) ; Classification number, CALL (RLIN) (NR) 361.7
Local cutter number (OCLC) ; Book number/undivided call number, CALL (RLIN) PAN
245 00 - TITLE STATEMENT
Title Rediscovering self-help :
Remainder of title its role in social care /
Statement of responsibility, etc. editors Diane L.Pancoast,Paul Parker and Charles Froland
260 ## - PUBLICATION, DISTRIBUTION, ETC.
Place of publication, distribution, etc. Beverly Hills :
Name of publisher, distributor, etc. Sage Pub.,
Date of publication, distribution, etc. 1983
300 00 - PHYSICAL DESCRIPTION
Extent 200p. :
Other physical details ill. ;
Dimensions 22cm.
440 #0 - SERIES STATEMENT/ADDED ENTRY--TITLE
Title Social service delivery systems ; ;
Volume/sequential designation v. 6
9 (RLIN) 4310
504 ## - BIBLIOGRAPHY, ETC. NOTE
Bibliography, etc. note Includes bibliographical references
650 #0 - SUBJECT ADDED ENTRY--TOPICAL TERM
Topical term or geographic name entry element Self-help groups.
9 (RLIN) 4311
650 #0 - SUBJECT ADDED ENTRY--TOPICAL TERM
Topical term or geographic name entry element Social service.
9 (RLIN) 4312
650 #0 - SUBJECT ADDED ENTRY--TOPICAL TERM
Topical term or geographic name entry element Medical care.
9 (RLIN) 4313
650 #0 - SUBJECT ADDED ENTRY--TOPICAL TERM
Topical term or geographic name entry element Self-care, Health
9 (RLIN) 68
700 11 - ADDED ENTRY--PERSONAL NAME
Personal name Parker, Paul
9 (RLIN) 4314
700 11 - ADDED ENTRY--PERSONAL NAME
Personal name Pancoast, Diane L.
9 (RLIN) 4315
700 11 - ADDED ENTRY--PERSONAL NAME
Personal name Froland, Charles
9 (RLIN) 4316
942 ## - ADDED ENTRY ELEMENTS (KOHA)
Source of classification or shelving scheme
Koha item type Book
Holdings
Withdrawn status Lost status Source of classification or shelving scheme Damaged status Not for loan Collection code Home library Current library Date acquired Inventory number Total Checkouts Full call number Barcode Date last seen Price effective from Koha item type
          NON-FICTION AKMAL Melaka AKMAL Melaka 15.05.2017 301538   361.7 PAN 201706310 15.05.2017 15.05.2017 Book
Pusat Sumber Maklumat Dato' Haji Sarmin Md Hussin, Akademi Kastam Diraja Malaysia, Melaka
Tel: 06-2331106 | Faks: 06-2313787